Tìm hiểu thực trạng kinh tế - xã hội vùng nông nghiệp - nông thôn thị xã Cửa Lò - Nghệ An và Định hướng quy hoạch từ năm 2007-2010

Cơ sở lí luận chung. Các nguồn lực và thực trạng kinh tế xã hội vùng nông nghiệp nông thôn Cửa Lò Nghệ An. Một số định hướng và giải pháp quy hoạch phát triển mạng lưới nông nghiệp - nông thôn thị xã Cửa Lò thời kỳ 2007 - 2010

Сохранить в:
Библиографические подробности
Главный автор: Hoàng, Thị Phượng
Другие авторы: Nguyễn, Duy Hòa Th.S (Hướng dẫn)
Формат:
Язык:Vietnamese
Опубликовано: Đại học Đà Nẵng Trường Đại học Sư phạm 2007
Серии:Khóa luận tốt nghiệp Đại học. Chuyên ngành: CNKH - Địa lý Môi trường
Предметы:
Метки: Добавить метку
Нет меток, Требуется 1-ая метка записи!
Thư viện lưu trữ: Mạng thư viện Đại học Đà Nẵng
LEADER 01718nam a2200349 4500
001 000011093
003 7321
005 20120201160229.0
008 120201s2007 viesd
041 |a vie 
072 |a Khóa luận tốt nghiệp 
082 |a 711.554  |b HO-P 
100 1 |a Hoàng, Thị Phượng 
245 1 |a Tìm hiểu thực trạng kinh tế - xã hội vùng nông nghiệp - nông thôn thị xã Cửa Lò - Nghệ An và Định hướng quy hoạch từ năm 2007-2010  |c Hoàng, Thị Phượng 
260 |a Đại học Đà Nẵng  |b Trường Đại học Sư phạm  |c 2007 
300 |a 63 tr.  |b Bảng  |c 29 cm 
490 |a Khóa luận tốt nghiệp Đại học. Chuyên ngành: CNKH - Địa lý Môi trường 
500 |a Tham khảo cuối bài 
520 |a Cơ sở lí luận chung. Các nguồn lực và thực trạng kinh tế xã hội vùng nông nghiệp nông thôn Cửa Lò Nghệ An. Một số định hướng và giải pháp quy hoạch phát triển mạng lưới nông nghiệp - nông thôn thị xã Cửa Lò thời kỳ 2007 - 2010 
653 |a Khóa luận tốt nghiệp Đại học 
653 |a Khoa Địa lý 
700 1 |a Nguyễn, Duy Hòa  |c Th.S  |e Hướng dẫn 
OWN |a LSP 
AVA |a UDN50  |b LSP  |d 711.554 HO-P  |e available  |t Error 5001 Not defined in file expand_doc_bib_avail.  |f 1  |g 0  |h N  |i 0  |k 1 
999 |a From the UDN01 
AVA |a UDN50  |b LSP  |d 711.554 HO-P  |e available  |t Error 5001 Not defined in file expand_doc_bib_avail.  |f 1  |g 0  |h N  |i 0  |k 1 
TYP |a Monograph 
TYP |a Printed language 
980 |a Mạng thư viện Đại học Đà Nẵng